| 000 | 00550nam a22002291a 4500 | ||
|---|---|---|---|
| 001 | 1444 | ||
| 003 | OSt | ||
| 005 | 20260204211734.0 | ||
| 008 | 040119s1985||||mx ||||||b||||||||||spa|| | ||
| 020 | _a9682605865 | ||
| 050 | _a658 T279p | ||
| 082 | _a658 T279p | ||
| 100 | _aTerry, George R. | ||
| 245 | _aPrincipios de administración / George R. Terry | ||
| 250 | _a4 | ||
| 264 | _aMéxico : Continental | ||
| 300 | _a747 p. | ||
| 500 | _aIncluye indice | ||
| 650 | _a1.Administración | ||
| 700 | _aFranklin Stephen G.Ì | ||
| 942 |
_2ddc _cBK |
||
| 999 |
_c1444 _d1444 |
||